Análisis de la producción científica de la Universidad Autónoma de Tamaulipas y evaluación de su impacto en los indicadores educativos de calidad (Record no. 160889)
[ view plain ]
| 000 -CABECERA | |
|---|---|
| campo de control de longitud fija | 00841nab a2200253 a 4500 |
| 005 - FECHA Y HORA DE LA ÚLTIMA TRANSACCIÓN | |
| campo de control | 20210219161625.0 |
| 008 - ELEMENTOS DE LONGITUD FIJA--INFORMACIÓN GENERAL | |
| campo de control de longitud fija | 991125s1985 mx 000 0 spa u |
| 035 ## - NÚMERO DE CONTROL DEL SISTEMA | |
| Número de control de sistema | UPN01000188786 |
| 100 1# - ASIENTO PRINCIPAL--NOMBRE PERSONAL | |
| Nombre de persona | Caballero Rico, Frida Carmina |
| 222 ## - TÍTULO CLAVE | |
| Título clave | REVISTA DE LA EDUCACION SUPERIOR |
| 245 ## - MENCIÓN DE TÍTULO | |
| Título | Análisis de la producción científica de la Universidad Autónoma de Tamaulipas y evaluación de su impacto en los indicadores educativos de calidad |
| 260 ## - PUBLICACIÓN, DISTRIBUCIÓN, ETC. | |
| Lugar de publicación, distribución, etc. | México |
| 300 ## - DESCRIPCIÓN FÍSICA | |
| Extensión | 31-52 |
| 362 0# - FECHAS DE PUBLICACIÓN Y/O DESIGNACIÓN SECUENCIAL | |
| Fecha de publicación y/o designación secuencial | 2012 Vol. 41 (1), no. 161, ene.-mar. |
| 653 0# - TERMINO DE INDIZACION - NO CONTROLADO | |
| Término no controlado | PRODUCCION CIENTIFICA |
| 653 0# - TERMINO DE INDIZACION - NO CONTROLADO | |
| Término no controlado | REVISTAS CIENTIFICAS |
| 653 0# - TERMINO DE INDIZACION - NO CONTROLADO | |
| Término no controlado | BIBLIOMETRIA |
| 653 0# - TERMINO DE INDIZACION - NO CONTROLADO | |
| Término no controlado | INVESTIGACION CIENTIFICA |
| 700 1# - ASIENTO SECUNDARIO--NOMBRE DE PERSONAL | |
| Nombre de persona | Uresti Marín, Rocío Margarita, |
| 700 1# - ASIENTO SECUNDARIO--NOMBRE DE PERSONAL | |
| Término indicativo de función/relación | coaut. |
| 700 1# - ASIENTO SECUNDARIO--NOMBRE DE PERSONAL | |
| Nombre de persona | Ramírez de León, José A., |
| 700 1# - ASIENTO SECUNDARIO--NOMBRE DE PERSONAL | |
| Término indicativo de función/relación | coaut. |
| 905 ## - TIPO DE MATERIAL | |
| Tipo de material | Articulo |
No items available.
